| Tag |
First Indicator |
Second Indicator |
Subfields |
| LEADER |
00000nam a2200000 i 4500 |
| 001 |
in00004760921 |
| 006 |
m o d f |
| 007 |
cr ||||||||||| |
| 008 |
231002s2021 dcua ob f000 0 eng d |
| 005 |
20231213202259.2 |
| 035 |
|
|
|a (OCoLC)on1401565240
|
| 040 |
|
|
|a GPO
|b eng
|e rda
|e pn
|c GPO
|d MvI
|
| 043 |
|
|
|a n-us---
|
| 049 |
|
|
|a WWW
|
| 074 |
|
|
|a 0429-A-90 (online)
|
| 086 |
0 |
|
|a E 1.177:DOE/GO-102021-5557
|
| 088 |
|
|
|a DOE/GO-102021-5557
|
| 245 |
0 |
0 |
|a Working with the Marine Energy Program in the U.S. Department of Energy's Water Power Technologies Office.
|
| 246 |
3 |
|
|a Working with the Marine Energy Program in the United States Department of Energy's Water Power Technologies Office
|
| 264 |
|
1 |
|a [Washington, D.C.] :
|b U.S. Department of Energy, Office of Energy Efficiency & Renewable Energy,
|c 2021.
|
| 300 |
|
|
|a 1 online resource (approximately 2 pages) :
|b color illustrations
|
| 336 |
|
|
|a text
|b txt
|2 rdacontent
|
| 337 |
|
|
|a computer
|b c
|2 rdamedia
|
| 338 |
|
|
|a online resource
|b cr
|2 rdacarrier
|
| 500 |
|
|
|a "April 2021."
|
| 500 |
|
|
|a "DOE/GO-102021-5557."
|
| 500 |
|
|
|a In scope of the U.S. Government Publishing Office Cataloging and Indexing Program (C&I) and Federal Depository Library Program (FDLP).
|
| 500 |
|
|
|a GPO Cataloging Record Distribution Program (CRDP).
|
| 504 |
|
|
|a Includes bibliographical references.
|
| 588 |
|
|
|a Description based on online resource, PDF version; title from caption (DOE, viewed Oct. 2, 2023).
|
| 610 |
1 |
0 |
|a United States.
|b Department of Energy.
|b Water Power Technologies Office.
|0 https://id.loc.gov/authorities/names/no2018116694
|
| 650 |
|
0 |
|a Ocean energy resources.
|0 https://id.loc.gov/authorities/subjects/sh85093887
|
| 710 |
1 |
|
|a United States.
|b Department of Energy.
|b Office of Energy Efficiency and Renewable Energy,
|0 https://id.loc.gov/authorities/names/no93039213
|e issuing body.
|
| 856 |
4 |
0 |
|u https://purl.fdlp.gov/GPO/gpo155628
|t 0
|
| 999 |
f |
f |
|s 0af67d9f-fe16-4421-99e1-1cbc58049121
|i a32379ad-d82b-4cef-af79-063d507578dd
|t 0
|
| 952 |
f |
f |
|a Texas A&M University
|b College Station
|c Electronic Resources
|d Available Online
|t 0
|e E 1.177:DOE/GO-102021-5557
|h Superintendent of Documents classification
|
| 998 |
f |
f |
|a E 1.177:DOE/GO-102021-5557
|t 0
|l Available Online
|